1302 1846 1297 1181 1349 1099 1789 1728 1899 1433 1808 1569 1603 1042 1698 1501 1535 1965 1062 1676 1836 1120 1352 1201 1359 1047 1813 1498 1372 1879 1744 1070 1726 1110 1181 1200 1562 1642 1168 1165 1478 1695 1830 1705 1733 1272 1964 1756 1377 1478 1653 1577 1999 1129 1062 1695 1509 1831 1582 1541 1119 1793 1154 1773 1415 1090 1929 1283 1887 1094 1708 1489 1179 1555 1855 1076 1908 1058 1417 1594 1082 1901 1351 1939 1596 1186 1823 1520 1995 1762 1170 1825 1707 1140 1714 1957 1418 1808 1040 BCNSPRNW ULIB Ver.6.0+V

เปลี่ยนเป็นภาษาไทย

Change to English
 แสดงรายละเอียดบรรณานุกรม
  กลับหน้าหลัก

Brief Record : Get Marc (ISO 2709) : E-mail record : QR code < ปิดหน้าต่าง
LEADER : 00000nam 2200000uu 4500
001    13399113614
003     ULIB
008    111124s2552||||th 000 0 tha d
020    ^a9786115000210
090    ^aนว.^bณ410ฟ 2552
100 0  ^aณารา
245 00 ^aไฟรัก...เกมร้อน/^cณารา
250    ^aพิมพ์ครั้งที่ 1
260    ^aกรุงเทพฯ :^bพิมพ์คำ,^c2552
300    ^a402 หน้า
710 1  ^aพิมพ์คำ
945    ^p250^l0^i16307
995    ^aกัณชพร
999    ^aใช้งานได้ทุกระบบ
รายการนี้ยังไม่มีแท็ก
คุณยังไม่ได้ล็อกอิน คุณสามารถมีกิจกรรมร่วมกับเว็บไซต์ได้ แต่ต้องล็อกอินก่อน ::
  ล็อกอิน

รายการสื่อสารสนเทศ

ลำดับที่ ประเภท เลขเรียก/บาร์โค้ด สถานที่ สถานะ
1. นวนิยาย
นวนิยาย
นว. ณ410ฟ 2552 ฉ.1 
  Barcode: 16307
ห้องสมุดวิทยาเขตสวรรค์ประชารักษ์
►นวนิยาย
บนชั้น
  ขอยืม

รายการใกล้เคียง
    ผู้แต่ง [ณารา]

BibComment


ยังไม่เคยถูกคอมเมนท์

คอมเมนท์ทรัพยากรรายการนี้
  คอมเมนท์: ไฟรักเกมร้อน ณารา


 Copyright 2026. Bcnsprnw @Library